Normal view
MARC view
- الصحافة - الصحافة القطرية - الإتصال اللغوي
Entry Topical Term
001 - CONTROL NUMBER
- control field: 45375
003 - CONTROL NUMBER IDENTIFIER
- control field: JO-AjAnu
005 - DATE AND TIME OF LATEST TRANSACTION
- control field: 20230606081515.0
008 - FIXED-LENGTH DATA ELEMENTS
- fixed length control field: 230606|| aca||aabn | a|a d
040 ## - CATALOGING SOURCE
- Original cataloging agency: JO-AjAnu
- Transcribing agency: JO-AjAnu
150 ## - HEADING--TOPICAL TERM
- Topical term or geographic name entry element: الصحافة - الصحافة القطرية - الإتصال اللغوي
670 ## - SOURCE DATA FOUND
- Source citation: Work cat.: (JO-AjAnu)23231: تأليف الكواري، ربيعة بن صباح ؛ م.مشارك مراد عبد الرحمن مبروك, author 45374, الصحافة القطرية والإتصال اللغوي: صحيفة الراية أنموذجا (1979 - 2004)